Julián Besteiro / (Record no. 105773)

MARC details
000 -LEADER
campo de control de longitud fija 00730nam a2200229 i 4500
001 - NÚMERO DE CONTROL
campo de control 105773
003 - IDENTIFICADOR DE NÚMERO DE CONTROL
campo de control ES-MaACL
005 - FECHA Y HORA DE LA ÚLTIMA TRANSACCIÓN
campo de control 20240508152847.0
007 - CAMPO FIJO DE DESCRIPCIÓN FÍSICA--INFORMACIÓN GENERAL
campo de control de longitud fija t|
008 - DATOS DE LONGITUD FIJA--INFORMACIÓN GENERAL
campo de control de longitud fija 060823s1967 ag ||||1| spa d
080 ## - NÚMERO DE LA CLASIFICACIÓN DECIMAL UNIVERSAL
Número de la Clasificación Decimal Universal 929 Besteiro, Julián
080 ## - NÚMERO DE LA CLASIFICACIÓN DECIMAL UNIVERSAL
Número de la Clasificación Decimal Universal 32 Besteiro, Julián
100 1# - ENTRADA PRINCIPAL--NOMBRE DE PERSONA
Nombre de persona Saborit, Andrés.
9 (RLIN) 101211
245 10 - MENCIÓN DEL TÍTULO
Título Julián Besteiro /
Mención de responsabilidad, etc. Andrés Saborit ; prólogo de Luis Jiménez de Asúa.
260 ## - PUBLICACIÓN, DISTRIBUCIÓN, ETC.
Lugar de publicación, distribución, etc. Buenos Aires :
Nombre del editor, distribuidor, etc. Losada,
Fecha de publicación, distribución, etc. [1967]
300 ## - DESCRIPCIÓN FÍSICA
Extensión 330 p. :
Otras características físicas il. ;
Dimensiones 20 cm.
500 ## - NOTA GENERAL
Nota general Biblioteca Juan Andrade.
600 17 - PUNTO DE ACCESO ADICIONAL DE MATERIA--NOMBRE DE PERSONA
Nombre de persona Besteiro, Julián,
Fechas asociadas al nombre 1870-1940
Fuente del encabezamiento o término embne
9 (RLIN) 28619
700 1# - ENTRADA AGREGADA--NOMBRE PERSONAL
Nombre de persona Jiménez de Asúa, Luis,
Fechas asociadas al nombre 1889-1970
9 (RLIN) 66491
852 ## - LOCALIZACIÓN
Ubicación ES-MaACL
Número de control de estantería AND-578
Sublocalización o colección R.109881
Holdings
Estatus retirado Estado de pérdida Estado de daño No para préstamo Biblioteca de origen Biblioteca actual Ubicación en estantería Fecha de adquisición Fuente de adquisición Total de préstamos Signatura topográfica completa Código de barras Visto por última vez Precio de reemplazo Tipo de ítem Koha
        Biblioteca del Ateneo de Madrid Biblioteca del Ateneo de Madrid Depósito 2 17/01/2008     AND-578 1110430 23/02/2023 23/02/2023 Libro impreso